| 000 | 02683nab a2200349 i 4500 | ||
|---|---|---|---|
| 003 | BR-BrBNA | ||
| 005 | 20250718095955.0 | ||
| 008 | 250718b2022 bl.tr|pooa||| 00| 0 por | | ||
| 040 |
_aBR-BrBNA _bpor |
||
| 072 |
_aH20 _b0920 |
||
| 072 |
_aH01 _b4120 |
||
| 100 | _aAraujo, Leonardo | ||
| 100 | _aPinto, Felipe Augusto Moretti Ferreira | ||
| 100 | _aAndrade, Camila Cristina Lage de | ||
| 100 | _aGomes, Larissa Bitencourt | ||
| 100 | _aFalkenbach, Bianca Ramos | ||
| 100 | _aDuarte, Valmir | ||
| 245 | _aOcorrência de Thekopsora minima causando ferrugem em pomares de mirtilo em Santa Catarina | ||
| 500 | _a Publicação online; 10 ref.; 2 illus.; Summaries (En, Pt) | ||
| 520 | _a Resumo – A possível ocorrência de Thekopsora minima causando ferrugem em mirtilileiro foi observada em três pomares em Santa Catarina. Observações morfológicas e moleculares, bem como teste de patogenicidade, foram consistentes em mostrar que T. minima é o agente causal da ferrugem nos pomares de mirtilo. Diante da confirmação de T. minima no mirtileiro, fruticultores terão um grande desafio para manejar a ferrugem nos pomares catarinenses devido às condições ambientais adequadas à doença e a predominância de cultivares suscetíveis ao patógeno. Termos para indexação: Vaccinium sp.; Controle químico; Doenças mirtileiro; Highbush; Rabbiteye | ||
| 520 | _a Abstract – The possible occurrence of Thekopsora minima causing rust on blueberry plants was observed in three orchards in Santa Catarina. Morphological and molecular observations, as well as pathogenicity tests were consistent in showing that T. minima is the causal agent of rust in blueberry orchards. In view of the confirmation of T. minima in the blueberry, fruit growers will have a great challenge to manage the rust in Santa Catarina orchards, due to the appropriate environmental conditions for the disease and the predominance of cultivars susceptible to the pathogen. Index terms: Vaccinium sp., Chemical control; Blueberry diseases; Highbush; Rabbiteye | ||
| 650 | _aMIRTILO | ||
| 650 | _aDOENÇA FÚNGICA | ||
| 650 | _aFERRUGEM | ||
| 650 | _aLEVANTAMENTO FITOSSANITÁRIO | ||
| 650 | _aCONTROLE QUÍMICO | ||
| 650 | _aDEFESA VEGETAL | ||
| 773 | 0 |
_01813 _9317206 _dFlorianópolis-SC Empresa de Pesquisa Agropecuária e Extensão Rural de Santa Catarina 1988- _o2024-3830 _tAgropecuária Catarinense (Brazil) _x0103-0779 _gv. 35(1) p. 32-35; (2022) _wBR2025002864 |
|
| 856 | _uhttps://publicacoes.epagri.sc.gov.br/rac/article/view/1168/1294 | ||
| 942 | _cANA | ||
| 999 |
_c333965 _d333965 |
||